| 000 | 00434nam a2200133 4500 | ||
|---|---|---|---|
| 999 |
_c13692 _d13692 |
||
| 008 | 160812b xxu||||| |||| 00| 0 eng d | ||
| 020 | _a9789966192806 | ||
| 100 | _aLukalo, Fibian | ||
| 245 |
_aIncreasing the bundle of lands rights for schools in Trans-Nzoia County - Kenya / _cFabian Lukalo [and] David Kipchoge ; Land and Schooling Research Project, National Land Commission. |
||
| 260 |
_aNairobi : _bGovernment Press, _c2016. |
||
| 300 |
_av, 45p. : _bill. (some col.) ; _c23 cm. |
||
| 650 |
_aPublic schools _x Kenya _yTrans Nzoia District. |
||
| 650 |
_aLand use _xLaw and legislation _y Kenya _zTrans Nzoia District. |
||
| 650 |
_aLand use _x Kenya _yTrans Nzoia District. |
||
| 700 | _aKipchoge, David | ||
| 942 |
_2lcc _cAFRICANA |
||